000 00272pam a2200121 a 4500
020 _c
041 _aeng
100 _aMourer E.R.
245 _aGermany Puts The Clock Backs
_hTextual Documents
260 _aNew York
_bPenguin Books Ltd
300 _a278p.
930 _a15291
999 _c92191
_d92191